Alle Deutschen Ministerpräsidenten ab 2000 - Statistiken

Allgemein
  • Dieses Quiz wurde 818 mal gespielt
    65 seit der letzten Aktualisierung
  • Das Durchschnittsergebnis liegt bei 30 aus 70
Antwortstatistiken
Bundesland Antwort % Korrekt
Bayern Markus Söder
94%
Sachsen Michael Kretschmer
82%
Baden-Württemberg Winfried Kretschmann
82%
Schleswig-Holstein Daniel Günther
74%
Nordrhein-Westfalen Hendrik Wüst
74%
Mecklenburg-Vorpommern Manuela Schwesig
74%
Nordrhein-Westfalen Armin Laschet
70%
Bayern Horst Seehofer
68%
Rheinland-Pfalz Alexander Schweitzer
66%
Hamburg Olaf Scholz
66%
Saarland Anke Rehlinger
64%
Thüringen Bodo Ramelow
64%
Thüringen Bodo Ramelow
64%
Bayern Edmund Stoiber
64%
Nordrhein-Westfalen Hannelore Kraft
64%
Rheinland-Pfalz Malu Dreyer
62%
Thüringen Mario Voigt
62%
Hamburg Peter Tschentscher
62%
Niedersachsen Stephan Weil
62%
Brandenburg Dietmar Woidke
60%
Berlin Kai Wegner
58%
Hessen Boris Rhein
56%
Berlin Franziska Giffey
54%
Berlin Michael Müller
54%
Saarland Peter Müller
54%
Saarland Annegret Kramp-Karrenbauer
52%
Bremen Andreas Bovenschulte
50%
Sachsen-Anhalt Reiner Haseloff
50%
Baden-Württemberg Günther Oettinger
48%
Berlin Klaus Wowereit
48%
Hessen Volker Bouffier
48%
Rheinland-Pfalz Kurt Beck
46%
Hessen Roland Koch
42%
Saarland Tobias Hans
42%
Baden-Württemberg Stefan Mappus
40%
Niedersachsen Christian Wulff
38%
Niedersachsen Olaf Lies
38%
Hamburg Ole von Beust
38%
Sachsen Stanislaw Tillich
38%
Sachsen-Anhalt Sven Schulze
38%
Thüringen Bernhard Vogel
34%
Bayern Günther Beckstein
34%
Nordrhein-Westfalen Jürgen Rüttgers
34%
Thüringen Christine Lieberknecht
32%
Thüringen Dieter Althaus
32%
Thüringen Thomas Kemmerich
32%
Niedersachsen David McAllister
30%
Baden-Württemberg Erwin Teufel
30%
Schleswig-Holstein Heide Simonis
30%
Sachsen Kurt Biedenkopf
28%
Brandenburg Matthias Platzeck
28%
Nordrhein-Westfalen Peer Steinbrück
28%
Niedersachsen Siegmar Gabriel
28%
Schleswig-Holstein Peter Harry Carstensen
26%
Mecklenburg-Vorpommern Erwin Sellering
24%
Schleswig-Holstein Torsten Albig
20%
Nordrhein-Westfalen Wolfgang Clement
20%
Sachsen-Anhalt Wolfgang Böhmer
18%
Berlin Eberhard Diepgen
16%
Sachsen Georg Milbradt
16%
Bremen Henning Scherf
16%
Brandenburg Manfred Stolpe
16%
Bremen Carsten Sieling
14%
Mecklenburg-Vorpommern Harald Ringstorff
14%
Bremen Jens Böhrnsen
14%
Niedersachsen Jörg Bode
12%
Sachsen-Anhalt Reinhard Höppner
10%
Hamburg Christoph Ahlhaus
8%
Nordrhein-Westfalen Michael Vesper
8%
Hamburg Ortwin Runde
8%
Keine übereinstimmenden Quizze gefunden
Verteilung der Resultate
Anzahl Personen mit jedem Resultat
Perzentil nach korrekt beantworteten Fragen
Ihre Resultats-Entwicklung
Sie haben dieses Quiz seit der letzten Aktualisierung nicht gespielt